[Event "9th Beirut Open 2017"]
[Site "Beirut"]
[Date "2017.10.01"]
[Round "3"]
[White "Volkov, Sergey"]
[Black "Najjar, Ahmad"]
[Result "1-0"]
[WhiteElo "2638"]
[BlackElo "2242"]
[Annotator "TA"]
[PlyCount "75"]
[EventDate "2017.??.??"]
[EventCountry "LBN"]
[SourceTitle "playchess.com"]
[Source "ChessBase"]
[SourceQuality "1"]

{[%evp 11,75,85,88,42,39,-11,10,6,-3,0,0,14,8,10,13,16,20,9,16,0,7,-16,14,21,129,71,43,35,47,22,137,134,137,129,127,130,251,215,240,211,315,292,316,316,283,177,154,162,169,135,258,233,640,636,630,629,954,937,929,928,890,857,782,720,702,702]} 1. d4 g6 2. e4 Bg7 3. c4 c5 4. d5 d6 5. Nc3 Nd7 6. Nf3 Ne5 {LiveBook: 4 Games. A42: Modern Defence: Averbakh Variation} 7. Nd2 (7. Nxe5 Bxe5 8. Be2 Nf6 9. Qd3 a6 10. f4 Bd4 11. Be3 Qb6 12. O-O-O Bxc3 13. Qxc3 O-O 14. Bd3 {0-1 (32) Al Sayed,M (2498)-Zvjaginsev,V (2659) Khanty-Mansiysk 2013}) 7... f5 8. h3 $146 ({Predecessor:} 8. Be2 Nf7 9. exf5 Bxf5 10. Qb3 b6 11. a4 Nf6 12. a5 {½-½ (46) Kaposztas,M-Eigler,F Salgotarjan 1975}) 8... Nh6 {The position is equal.} 9. f4 Nef7 10. Bd3 e5 11. dxe6 Qh4+ 12. Kf1 Bxe6 13. Nf3 Qe7 14. Nd5 Qd7 $1 15. Bd2 O-O 16. Bc3 fxe4 (16... Bxd5 {with more complications.} 17. exd5 Bxc3 18. bxc3 Rae8 19. g3 Kg7) 17. Bxe4 Bf5 (17... Bxc3 $11 {keeps the balance.} 18. bxc3 Kg7) 18. Bxf5 (18. Bxg7 $142 Kxg7 19. Qd2) 18... Nxf5 $16 19. Kf2 $36 {[%mdl 2048] And now Bxg7 would win. Black is under pressure.} Bxc3 20. bxc3 {Black must now prevent Nf6+.} Kh8 {[#]} (20... Kg7 $1 $11) 21. Re1 $1 Rae8 22. Rxe8 Qxe8 23. Qb3 b6 (23... Qc8 $16 {was called for.}) 24. Re1 $18 Qd8 25. Qa4 Nh4 (25... a5 $142 26. g4 Nh4) 26. Re7 Nxf3 27. gxf3 ({Resist} 27. Kxf3 $6 a5 $18) 27... Qc8 28. Qd7 Qxd7 29. Rxd7 {[%mdl 4096] Endgame KRN-KRN} a6 30. a4 {[%cal Ba2a4,Ba4b5,Bb5b6,Bb6b7][%mdl 32]} Kg7 (30... g5 $16 {is a better defense.} 31. Nxb6 gxf4) 31. Rb7 b5 $2 (31... a5 32. Nxb6 (32. Rxb6 g5 $16) 32... h6) 32. cxb5 {White is clearly winning.} axb5 33. axb5 Ra8 34. b6 Ra2+ 35. Ke3 Rb2 36. Rc7 Kf8 37. b7 {[#] Intending Nb4! and mate.} Nd8 38. Rc8 {Precision: White = 71%, Black = 42%.} 1-0

[Event "9th Beirut Open 2017"]
[Site "Beirut"]
[Date "2017.10.01"]
[Round "3"]
[White "Yilmaz, Mustafa"]
[Black "El Jawich, Amro"]
[Result "1-0"]
[WhiteElo "2633"]
[BlackElo "2230"]
[Annotator "TA"]
[PlyCount "73"]
[EventDate "2017.??.??"]
[EventCountry "LBN"]
[SourceTitle "playchess.com"]
[Source "ChessBase"]
[SourceQuality "1"]

{[%evp 41,73,23,33,25,42,31,23,19,81,76,133,138,162,76,69,61,75,70,101,83,75,53,106,108,97,115,155,131,797,816,831,808,818,797]} 1. d4 Nf6 2. c4 g6 3. Nf3 Bg7 4. Nc3 d6 5. e4 O-O 6. Be2 e5 7. d5 a5 8. Bg5 h6 9. Bh4 Na6 10. Nd2 Bd7 11. O-O Qe8 12. b3 Nh7 13. a3 h5 14. f3 Bh6 15. Rb1 Be3+ 16. Kh1 Bc5 17. Qc1 f5 18. exf5 {E92: King's Indian: Classical: 6 Be2 e5: 7 dxe5, 7 Be3 and Petrosian System without 7...Nbd7} gxf5 19. Na2 Qg6 (19... Be3 20. Bf2 Bxf2 21. Rxf2 Nc5 22. Nc3 Qe7 23. b4 axb4 24. axb4 Na4 25. Nd1 e4 {½-½ (56) Postny,E (2570)-Libiszewski,F (2523) Rockville 2017}) 20. b4 axb4 21. axb4 Be3 {LiveBook: 6 Games} 22. Qc2 Rf7 23. Bd3 $146 ({Predecessor:} 23. Rfe1 Rg7 24. Bf1 Bd4 25. Nb3 Ba4 {1-0 (41) Duzhakov,I (2356)-Savina,A (2390) Moscow 2013}) 23... Rg7 {[%csl Gg7][%cal Rg6g2]} 24. Nb3 $1 {[%cal Bd2b3,Bb3d4,Bd4f3,Bf3g1][%mdl 32]} Kh8 (24... Bg5 $11 25. Bxg5 Nxg5) 25. Rbe1 $16 Bg5 ({Black should try} 25... Ba7) 26. Bxg5 Qxg5 27. f4 (27. b5 $1 $18 {is more deadly.}) 27... exf4 28. Nd4 {[%cal Rd3f5]} Rag8 {[%cal Rg5g2] [#]} 29. Re2 $1 {[%cal Rd3f5]} h4 {White should prevent ...h3!} 30. Nf3 $36 {[%mdl 2048] White is really pushing.} ({Reject} 30. Bxf5 $6 h3 $11) 30... Qh5 {[#]} 31. Ng1 $1 Nf6 (31... Nf8 $14) 32. Rxf4 {[%cal Rd3f5]} h3 33. g3 {[%cal Rd3f5]} Rg4 {White must now prevent ...Rxf4.} 34. Qb2 Kg7 $2 {[%mdl 8192]} (34... Rf8 $16 35. Rf1 Rg7) 35. Rxg4+ $18 {White is clearly winning.} Qxg4 36. Re7+ Kg6 37. Be2 {Precision: White = 78%, Black = 47%.} 1-0

[Event "9th Beirut Open 2017"]
[Site "Beirut"]
[Date "2017.10.01"]
[Round "3"]
[White "Adly, Ahmed"]
[Black "Kassis, Antoine"]
[Result "1/2-1/2"]
[WhiteElo "2625"]
[BlackElo "2130"]
[Annotator "TA"]
[PlyCount "99"]
[EventDate "2017.??.??"]
[EventCountry "LBN"]
[SourceTitle "playchess.com"]
[Source "ChessBase"]
[SourceQuality "1"]

{[%evp 14,99,50,23,61,51,128,96,102,77,75,90,89,99,98,51,56,33,38,58,47,0,0,-8,-17,-14,-14,-66,-54,-58,-43,-33,-51,-45,-43,-88,-94,-94,-89,-184,-193,-209,-214,-197,-204,-201,-185,-290,-254,-269,-211,-281,-274,-264,-273,-256,-187,-168,-164,-154,-152,-140,-124,-135,-126,-138,-115,-118,-51,-80,-51,-106,-96,-96,-96,-96,-96,-96,-95,-95,-95,-95,-95,-96,0,-95,0,-96]} 1. d4 Nf6 2. Nf3 g6 3. Bg5 Bg7 4. Nbd2 d5 5. e3 {[%cal Be2e3,Be3e4][%mdl 32]} O-O 6. Bd3 c5 7. c3 Nc6 {D03: 1 d4 d5 2 Nf3 Nf6 3 Bg5, including Torre Attack with early ...d5} (7... Qb6 8. Qb3 Nc6 9. Bc2 Re8 10. O-O e5 11. dxe5 Nxe5 12. Nxe5 Rxe5 13. f4 Re8 14. f5 Qxb3 15. axb3 Ng4 16. h3 Nxe3 17. fxg6 hxg6 {½-½ (26) Rapport,R (2692)-Salem,A (2656) Sharjah 2017}) 8. dxc5 {LiveBook: 6 Games} e5 9. e4 a5 $146 (9... Be6 $14) ({Predecessor:} 9... Be6 10. O-O Qc7 11. Bxf6 Bxf6 12. exd5 Bxd5 {1-0 (22) Yemelin,V (2573)-Brookes,C (2231) Riga 2014}) 10. Qe2 Be6 11. O-O h6 12. exd5 Bxd5 13. Bxf6 $1 Qxf6 14. Be4 Qe6 15. Rfd1 {Hoping for Bxd5.} Rfd8 16. Qb5 Bf8 17. h3 f5 $1 {[%cal Rf5e4]} 18. Bxd5 Rxd5 19. Nf1 Rxc5 20. Qb6 (20. Qxb7 $11 Rb8 21. Qd7 Qxd7 22. Rxd7) 20... Qf7 21. Qb3 $1 Qxb3 22. axb3 Rb5 23. b4 Ra6 24. Nh4 {[#]} Kf7 $1 25. Rd7+ Be7 {White must now prevent ...Ke8.} 26. Rad1 (26. Rc7 $17) 26... Nb8 $19 27. Rc7 Rc6 28. Rxc6 Nxc6 29. Nf3 axb4 30. c4 (30. Ne3 $142) 30... Rc5 31. b3 b5 32. Ne3 bxc4 33. Nxc4 e4 34. Nfd2 Rd5 35. Ra1 Bg5 36. Nf1 Nd4 37. Ra7+ Kg8 38. Ra6 Kg7 39. g3 Nxb3 {Threatens to win with ...Nd4.} 40. Rb6 Nd2 ({Black should play} 40... Rd7 $17 {Strongly threatening ...Be7.} 41. Rxb4 Nc1) 41. Rb7+ Kg8 42. Rxb4 (42. Ncxd2 $15 Bxd2 43. Nxd2 Rxd2 44. Rxb4) 42... Nxc4 43. Rxc4 $15 {[%mdl 4096] Endgame KRB-KRN} h5 44. Rc6 Kg7 45. Rc7+ Kf6 46. h4 {[#] And now Rc6+ would win.} Bh6 47. Rc6+ Kf7 48. Rc7+ Kf6 49. Rc6+ Kf7 50. Rc7+ {Precision: White = 53%, Black = 60%.} 1/2-1/2

[Event "9th Beirut Open 2017"]
[Site "Beirut"]
[Date "2017.10.01"]
[Round "3"]
[White "Pruijssers, Roeland"]
[Black "Abdulaziz, Mahmoud"]
[Result "1-0"]
[WhiteElo "2512"]
[BlackElo "2093"]
[Annotator "TA"]
[PlyCount "83"]
[EventDate "2017.??.??"]
[EventCountry "LBN"]
[SourceTitle "playchess.com"]
[Source "ChessBase"]
[SourceQuality "1"]

{[%evp 21,83,0,6,0,0,0,0,-6,0,-27,0,0,0,0,29,20,27,0,42,14,22,19,26,20,45,24,28,29,41,0,0,0,39,41,74,74,154,132,136,98,75,61,60,66,60,65,57,57,81,82,106,118,402,393,487,476,446,283,283,278,1118,1094,1089,1089]} 1. e4 g6 2. d4 Bg7 3. Nc3 d6 4. f4 a6 5. Nf3 b5 6. Bd3 Nd7 7. e5 c5 {B06: Modern Defence} 8. Ng5 (8. Be4 Rb8 9. Be3 cxd4 10. Bxd4 dxe5 11. fxe5 e6 12. O-O Ne7 13. Qe1 O-O 14. a4 b4 15. Ne2 {0-1 (49) Anand,V (2793)-Caruana,F (2829) London 2014}) 8... Nh6 9. Qf3 Rb8 10. e6 Nf6 11. dxc5 fxe6 {LiveBook: 5 Games} 12. Qc6+ $146 ({Predecessor:} 12. a4 Qa5 13. Be3 O-O 14. O-O b4 15. Nd1 {0-1 (31) Palciauskas,V (2577)-Burghoff,A (2565) ICCF email 2008}) 12... Qd7 13. Qxd7+ Bxd7 14. cxd6 exd6 15. a4 Nf5 16. axb5 axb5 17. O-O Ng4 18. Ne2 Nge3 19. Rf3 Nc4 20. c3 (20. Bxf5 $5 exf5 21. Ra7 $11) 20... h6 21. Ne4 h5 22. Ra7 Nb6 23. N2g3 Nc8 24. Ra6 $36 {[%mdl 2048] Black is under pressure.} Ke7 25. Nxf5+ gxf5 26. Ng5 Nb6 27. Re3 {Black must now prevent Bxf5.} Nd5 28. Re1 {[#] Strongly threatening Ra7.} e5 (28... Ra8 $142 29. Bxb5 Nc7 30. Rxa8 Rxa8) 29. fxe5 $16 dxe5 30. Bc2 {Hoping for Bb3.} Ra8 31. Rg6 Bf6 $1 32. Bb3 Be8 33. Rxe5+ Bxe5 34. Re6+ Kd7 {[#] aiming for ...Bf4.} 35. Rxe5 Nc7 36. Bf4 {[%mdl 1024] White has strong compensation.} Rf8 $2 {[%mdl 8192]} (36... Ra6 $16 {is a better defense.} 37. Nf3 Ne6) 37. Rc5 $18 Ra1+ 38. Kf2 Na6 39. Be6+ Ke7 40. Re5 ({Stronger than} 40. Rxf5 Rxf5 41. Bxf5 Ra2 $11) 40... Kd8 $2 (40... Bd7 41. Bd5+ Kd8 42. Nf7+ Kc8) 41. Rd5+ Ke7 42. Bd6+ {Precision: White = 65%, Black = 43%.} 1-0

[Event "9th Beirut Open 2017"]
[Site "Beirut"]
[Date "2017.10.01"]
[Round "3"]
[White "Ibrahim, Hatim"]
[Black "Asmar, Elie"]
[Result "1-0"]
[WhiteElo "2331"]
[BlackElo "2061"]
[Annotator "NA"]
[PlyCount "63"]
[EventDate "2017.??.??"]
[EventCountry "LBN"]
[SourceTitle "playchess.com"]
[Source "ChessBase"]
[SourceQuality "1"]
[TimeControl "5400+30"]

1. Nf3 g6 2. c4 Nf6 3. Nc3 Bg7 4. e4 d6 5. d4 O-O 6. h3 c5 7. d5 a6 8. a4 e6 9. Bd3 e5 10. g4 Ne8 11. Rg1 f6 12. h4 Rf7 13. g5 f5 14. h5 f4 15. hxg6 hxg6 16. Nh4 Kh7 17. Rh1 Kg8 18. Rg1 Kh7 19. Be2 Bf8 20. Bh5 gxh5 21. g6+ Kh6 22. gxf7 Ng7 23. Rg6+ Kh7 24. Rxg7+ Kxg7 25. Qxh5 Qf6 26. Bd2 Qxf7 27. Qg5+ Kh7 28. O-O-O Bh6 29. Qd8 Qd7 30. Qf6 Qe8 31. Rg1 Nd7 32. Qf5+ 1-0

[Event "9th Beirut Open 2017"]
[Site "Beirut"]
[Date "2017.10.01"]
[Round "3"]
[White "Noah, A  H  Al-Ali"]
[Black "El Saleh, Riham"]
[Result "1-0"]
[WhiteElo "2299"]
[BlackElo "1466"]
[Annotator "NA"]
[PlyCount "51"]
[EventDate "2017.??.??"]
[EventCountry "LBN"]
[SourceTitle "playchess.com"]
[Source "ChessBase"]
[SourceQuality "1"]
[TimeControl "5400+30"]

1. d4 d5 2. c4 e6 3. g3 Nf6 4. Bg2 Nbd7 5. Nf3 Be7 6. O-O O-O 7. Nc3 c6 8. Bf4 dxc4 9. a4 Nb6 10. a5 Nbd5 11. Qc1 Nxf4 12. Qxf4 Nd5 13. Qc1 Bb4 14. a6 b5 15. Ne5 Qc7 16. e4 Nxc3 17. bxc3 Bd6 18. Nxc6 e5 19. dxe5 Bxe5 20. Nb4 Be6 21. f4 Bd6 22. f5 Bxb4 23. cxb4 Bd7 24. f6 Qb6+ 25. Kh1 Rad8 26. Qg5 1-0

[Event "9th Beirut Open 2017"]
[Site "Beirut"]
[Date "2017.10.01"]
[Round "3"]
[White "Khairallah, Faisal"]
[Black "Ghannam, Kotayba"]
[Result "1/2-1/2"]
[WhiteElo "2274"]
[BlackElo "2022"]
[Annotator "NA"]
[PlyCount "124"]
[EventDate "2017.??.??"]
[EventCountry "LBN"]
[SourceTitle "playchess.com"]
[Source "ChessBase"]
[SourceQuality "1"]
[TimeControl "5400+30"]

1. f4 Nf6 2. Nf3 d6 3. d3 g6 4. g3 Bg7 5. Bg2 O-O 6. O-O c5 7. e4 Nc6 8. h3 Bd7 9. g4 Nd4 10. Nbd2 Qc7 11. c3 Ne6 12. Nh2 Bb5 13. Qe2 Nd7 14. Ndf3 Qb6 15. Kh1 Qa6 16. Rd1 Ba4 17. Rf1 Bb5 18. Ne1 Nc7 19. g5 Rae8 20. Ng4 f5 21. exf5 Rxf5 22. c4 Bc6 23. Nf3 b5 24. Nh4 Rf7 25. f5 Ref8 26. Ne3 Ne5 27. Bd2 Bxg2+ 28. Qxg2 bxc4 29. dxc4 Nxc4 30. fxg6 Rxf1+ 31. Rxf1 Nxd2 32. gxh7+ Kxh7 33. Rxf8 Bxf8 34. Qxd2 Qb7+ 35. Neg2 Qe4 36. Qf2 Kg8 37. Nf5 Ne6 38. g6 Nd8 39. Kh2 e6 40. Ng3 Qxg6 41. Qf3 Nf7 42. Nf4 Qc2+ 43. Nge2 Qf5 44. Ng3 Qc2+ 45. Nge2 Qxb2 46. Nxe6 Qe5+ 47. N2f4 Nh8 48. Nxf8 Kxf8 49. Qa8+ Kg7 50. Qxa7+ Kf6 51. Qa4 Kg5 52. h4+ Kxh4 53. Kg2 Kg5 54. Nh3+ Kf6 55. Qh4+ Ke6 56. Nf4+ Kd7 57. Qh7+ Kc6 58. Kf3 d5 59. a4 Qc3+ 60. Kg4 Qf6 61. Qa7 Qd8 62. Qa6+ Kc7 1/2-1/2

[Event "9th Beirut Open 2017"]
[Site "Beirut"]
[Date "2017.10.01"]
[Round "3"]
[White "Tsatsalashvili, Keti"]
[Black "Saeed, Riad"]
[Result "1-0"]
[WhiteElo "2264"]
[BlackElo "1685"]
[Annotator "NA"]
[PlyCount "110"]
[EventDate "2017.??.??"]
[EventCountry "LBN"]
[SourceTitle "playchess.com"]
[Source "ChessBase"]
[SourceQuality "1"]
[TimeControl "5400+30"]

1. d4 d6 2. Nf3 Nf6 3. c4 g6 4. Nc3 Bg7 5. e4 O-O 6. Be2 a5 7. O-O Nc6 8. d5 Nb8 9. Be3 e5 10. c5 h6 11. Nd2 Nbd7 12. cxd6 cxd6 13. Nc4 Ne8 14. Qd2 Kh7 15. Rac1 f5 16. f3 f4 17. Bf2 g5 18. Nb5 Rf6 19. Na7 Rg6 20. Nxc8 Rxc8 21. Qxa5 Qe7 22. Nb6 Rxc1 23. Rxc1 Nxb6 24. Qxb6 h5 25. Rc8 g4 26. Qd8 Qxd8 27. Rxd8 Nf6 28. Rxd6 gxf3 29. Bxf3 Ng4 30. Rxg6 Kxg6 31. Bxg4 hxg4 32. b4 b5 33. Bc5 Bf6 34. Kf1 Bd8 35. Bd6 Bf6 36. Bc7 Kf7 37. h3 g3 38. Ke2 Ke8 39. Kf3 Kd7 40. Bb6 Be7 41. Bc5 Bd8 42. Ke2 Ke8 43. h4 Kf7 44. h5 Bf6 45. Bd6 Kg7 46. Bc7 Kf7 47. h6 Ke7 48. Bb6 Kf7 49. h7 Ke7 50. Kf3 Bh8 51. Bc5+ Kd7 52. Kg4 Ke8 53. a3 Kd7 54. Kf5 f3 55. gxf3 g2 1-0

[Event "9th Beirut Open 2017"]
[Site "Beirut"]
[Date "2017.10.01"]
[Round "3"]
[White "Mohannad, Farhan"]
[Black "Demchenko, Anton"]
[Result "0-1"]
[WhiteElo "2243"]
[BlackElo "2649"]
[Annotator "TA"]
[PlyCount "98"]
[EventDate "2017.??.??"]
[EventCountry "LBN"]
[SourceTitle "playchess.com"]
[Source "ChessBase"]
[SourceQuality "1"]

{[%evp 20,98,24,16,17,14,5,12,18,11,37,20,26,0,0,0,0,0,0,0,0,-23,-17,-11,-12,-21,-22,-9,-8,0,10,0,12,21,61,47,56,30,44,56,61,39,37,39,51,33,39,14,33,0,0,0,0,0,0,0,0,0,0,0,0,-80,-80,-80,-80,-1404,-1377,-1349,-766,-1609,-1467,-1514,-1415,-1370,-1338,-1107,-904,-29964,-29963,-12822,-10025]} 1. Nf3 d6 2. d4 Nf6 3. c4 g6 4. g3 Bg7 5. Bg2 O-O 6. O-O Nbd7 7. Nc3 e5 8. dxe5 dxe5 9. Qc2 c6 10. e4 Qe7 11. h3 {LiveBook: 3 Partien. E68: Königsindisch (Hauptvariante des g3-Systems mit e2-e4)} Ne8 {[%cal Bf6e8,Be8c7,Bc7e6][%mdl 32]} (11... a5 12. b3 Ne8 13. Bb2 Nc7 14. Rad1 Nc5 15. Ne1 N7a6 16. Qb1 f5 17. exf5 Bxf5 18. Qa1 h5 {0-1 (28) Khusenkhojaev,M (2381)-Greenfeld,A (2545) Golden Sands 2014}) 12. Bg5 $146 ({Vorgänger:} 12. Kh2 f5 13. Bg5 Qf7 14. b3 f4 15. Bd8 h6 16. Ba5 Qe7 17. Ne2 g5 18. Bc3 {1-0 (37) Rea,A (2136)-Bereolos,P (2328) Indianapolis 2009}) 12... f6 13. Be3 {Die Stellung ist ausgeglichen.} Nc7 14. Rad1 Qf7 15. b3 Ne6 16. Rd6 Re8 17. Rfd1 Bf8 18. R6d2 a5 19. Na4 Nec5 20. Bxc5 Nxc5 21. Nb6 Rb8 22. Nxc8 Rbxc8 23. h4 Rc7 24. Bh3 Ne6 25. Bxe6 Qxe6 26. c5 $36 {[%mdl 2048] Schwarz steht unter Druck.} Be7 27. Qc3 Ra8 28. a3 a4 29. b4 Qb3 30. Rd3 Qxc3 31. Rxc3 Kf7 32. Rcd3 Rb8 33. Nd2 b5 34. Nf1 Ke8 35. Ne3 Rd8 36. f3 Rxd3 37. Rxd3 Rd7 38. Rxd7 Kxd7 $11 {[%mdl 4096] Endspiel KL-KS} 39. Kg2 Ke6 40. h5 {[#]} (40. Nd1 $11 {hält das Gleichgewicht.}) 40... f5 $1 $17 ({Viel schwächer wäre} 40... gxh5 $6 41. Nf5 $11) 41. hxg6 hxg6 42. g4 $2 {[%mdl 8192]} (42. Nc2 $17) 42... fxe4 $19 43. fxe4 Bg5 44. Kf3 Kf6 45. Nc2 Bc1 46. Kg2 Kg5 47. Kg3 Bb2 48. Ne1 Bxa3 49. Nd3 {[#]} Bb2 $1 {[%mdl 512] Precision: Weiß = 45%, Schwarz = 68%.} 0-1

[Event "9th Beirut Open 2017"]
[Site "Beirut"]
[Date "2017.10.01"]
[Round "3"]
[White "Ammoun, Hani"]
[Black "Abdo, Moussa"]
[Result "1-0"]
[WhiteElo "2109"]
[BlackElo "1753"]
[Annotator "NA"]
[PlyCount "101"]
[EventDate "2017.??.??"]
[EventCountry "LBN"]
[SourceTitle "playchess.com"]
[Source "ChessBase"]
[SourceQuality "1"]
[TimeControl "5400+30"]

1. c4 Nf6 2. g3 e6 3. Bg2 d5 4. d4 Be7 5. Nf3 O-O 6. O-O Nbd7 7. Qc2 Re8 8. Nbd2 Bf8 9. e4 dxe4 10. Nxe4 Nxe4 11. Qxe4 Nf6 12. Qc2 c6 13. b3 Qc7 14. Bb2 Be7 15. Rfe1 Bd7 16. Ne5 Rad8 17. Rad1 Bb4 18. Re2 Qa5 19. a3 Bf8 20. b4 Qc7 21. h3 Rc8 22. Qc3 Red8 23. Rde1 b5 24. Rc2 Qb8 25. Bc1 bxc4 26. Nxc4 Nd5 27. Qf3 Be7 28. Be3 Bf6 29. Rec1 Be8 30. h4 Kf8 31. Bh3 Kg8 32. Bf1 Bd7 33. Bd3 Nxe3 34. fxe3 e5 35. dxe5 Bxe5 36. Qe4 Bf6 37. Qxh7+ Kf8 38. Kg2 Bg4 39. Bf5 Bxf5 40. Qxf5 Re8 41. Qf4 Qb5 42. Kh2 Qd5 43. Rd2 Qe6 44. Qd6+ Kg8 45. Qxe6 Rxe6 46. Rd7 a6 47. Nd6 Rf8 48. Rxc6 Rxe3 49. Rxa6 Be5 50. Nf5 Re2+ 51. Kh3 1-0

[Event "9th Beirut Open 2017"]
[Site "Beirut"]
[Date "2017.10.01"]
[Round "3"]
[White "Khader, Aram"]
[Black "Kiriakov, Petr"]
[Result "0-1"]
[WhiteElo "2101"]
[BlackElo "2543"]
[Annotator "TA"]
[PlyCount "54"]
[EventDate "2017.??.??"]
[EventCountry "LBN"]
[SourceTitle "playchess.com"]
[Source "ChessBase"]
[SourceQuality "1"]

{[%evp 15,54,0,0,-36,-29,-33,-30,-25,-42,-50,-47,-65,-68,-70,-64,-65,-70,-110,-101,-130,-127,-157,-158,-146,-157,-498,-477,-743,-374,-29980,-29981,-29981,-29982,-29990,-885,-5610,-5606,-3018,-2526,-2141,-1868]} 1. e4 e6 2. d4 d5 3. exd5 exd5 4. Bd3 c5 5. dxc5 Bxc5 6. Nf3 Nf6 7. O-O O-O 8. Bg5 h6 {LiveBook: 24 Games. C01: French: Exchange Variation} 9. Bxf6 (9. Bh4 {with more complications.} g5 10. Bg3 Ne4 11. c4 Nc6 12. Nc3) (9. Bh4 Nc6 10. Nc3 Be6 11. Qd2 a6 12. Rfe1 Re8 13. a3 Bf8 14. h3 g6 15. Ne2 Bg7 16. Ned4 Nxd4 17. Nxd4 {½-½ (78) Sadhwani,R (2359)-Short,N (2688) Abu Dhabi 2017}) 9... Qxf6 10. c3 Nc6 {Black is slightly better.} 11. Nbd2 $146 ({Predecessor:} 11. a3 Bg4 12. Nbd2 Rad8 13. Qc2 Rfe8 14. Rad1 Ne5 15. Be2 Bf5 16. Qb3 Nxf3+ 17. Bxf3 Bd3 18. Rfe1 Rxe1+ 19. Rxe1 g5 20. h3 h5 21. c4 Qd4 22. Qd1 g4 {0-1 (22) Noulet,J (1299)-Barsov,A (2511) Nantes 2009}) 11... Bb6 12. Nb3 Bg4 13. Be2 Rfe8 14. h3 Bf5 15. Nfd4 Be4 16. Nxc6 bxc6 17. Bd3 Rad8 $1 $40 {[%mdl 128] Black goes for the king.} 18. Qc2 {[#]} Qg6 $1 {[%csl Ge4][%cal Rg6g2]} 19. Bxe4 dxe4 ({But not} 19... Rxe4 20. Rad1 $15) 20. c4 $2 {[#]} (20. Kh1 $17 {is more resistant.}) 20... Rd3 $1 $19 {[%cal Rd3h3] Strongly threatening ...Rxh3.} ({Not} 20... e3 21. Qxg6 exf2+ 22. Kh1 $17) 21. Kh1 (21. c5 $142 Bc7 22. Kh1) 21... Re5 22. Rad1 $2 (22. f3 $19 Rh5 23. Nc1) 22... Rxh3+ 23. gxh3 Rh5 {[%cal Rh5h3]} 24. Qc3 Qg4 (24... e3 $142 25. Rd8+ Kh7 26. Qe5 Rxh3+ 27. Qh2 exf2 28. Nc5 Bxc5 29. Rd4 Bxd4 30. Rxf2 Bxf2 31. Qxh3 Qg1#) 25. Qg3 {Black is clearly winning.} Rxh3+ 26. Kg2 Rxg3+ 27. fxg3 Bc7 {Precision: White = 21%, Black = 86%.} 0-1

[Event "9th Beirut Open 2017"]
[Site "Beirut"]
[Date "2017.10.01"]
[Round "3"]
[White "Koniahli, Malek"]
[Black "Kotanjian, Tigran"]
[Result "0-1"]
[WhiteElo "2086"]
[BlackElo "2475"]
[Annotator "TA"]
[PlyCount "86"]
[EventDate "2017.??.??"]
[EventCountry "LBN"]
[SourceTitle "playchess.com"]
[Source "ChessBase"]
[SourceQuality "1"]

{[%evp 16,86,-20,-33,-19,-16,-6,-93,-91,-106,-81,-100,-3,-6,0,-50,-54,-54,-54,-25,-30,-54,-29,-100,-102,-172,-171,-213,-208,-220,-220,-230,-218,-220,-206,-215,-209,-228,-213,-408,-434,-491,-402,-507,-457,-445,-414,-523,-539,-772,-743,-685,-569,-566,-556,-506,-468,-673,-545,-544,-541,-521,-507,-877,-529,-29996,-522,-522,-522,-522,-522,-522,-522]} 1. e4 c5 2. Nf3 d6 3. g3 Nf6 4. Qe2 Nc6 5. Bg2 g6 6. O-O Bg7 7. c3 O-O 8. h3 e5 9. d3 {LiveBook: 6 Partien. B50: Sizilianisch (Verschiedenes mit 2...d6)} d5 10. Nbd2 d4 11. c4 $146 (11. Nc4 $11) ({Vorgänger:} 11. Nc4 Ne8 12. cxd4 cxd4 13. a4 Nd6 14. b3 Re8 15. Nxd6 Qxd6 16. Nd2 Be6 {0-1 (46) Rozentalis,E (2625)-Tseitlin,M (2426) Cappelle-la-Grande 2004}) 11... a6 12. b3 b5 13. Ne1 bxc4 (13... Bd7 $17) 14. Nxc4 $11 Be6 15. f4 Bxc4 16. bxc4 Nh5 17. Qf2 exf4 18. gxf4 Bh6 19. Rb1 (19. e5 $11 {hält das Gleichgewicht.} Rc8 20. Bd5) 19... Rb8 $36 {[%mdl 2048] Schwarz ist am Drücker.} 20. Rxb8 (20. Ra1 $17) 20... Qxb8 $19 21. e5 {[#]} Nxe5 $1 {[%mdl 512]} 22. Bd5 (22. fxe5 Bxc1) 22... Nd7 23. Ng2 Ndf6 24. Bc6 Qd6 25. Ba4 Rb8 26. Bc2 Ng7 27. f5 $2 (27. Qe1) 27... Bxc1 28. fxg6 hxg6 29. Qxf6 Qxf6 30. Rxf6 Rb2 31. Bb3 Be3+ 32. Kh1 Rb1+ 33. Kh2 Nf5 34. h4 Bg1+ 35. Kh3 Rf1 36. Kg4 (36. h5 $142 Kg7 37. Rxa6) 36... Ne3+ 37. Nxe3 Rxf6 {[%mdl 4096] Endspiel KTL-KLS} 38. Nd5 Rf1 39. Nc7 (39. h5 $142) 39... Be3 40. Nxa6 f5+ (40... Bf4 $142 41. Kh3 Rf2 42. Bd1 f5 43. Nxc5 Rh2#) 41. Kh3 {Schwarz steht klar auf Gewinn.} f4 {[%cal Bf5f4,Bf4f3,Bf3f2][%mdl 32] [#] Droht stark ...f3.} 42. Nxc5 f3 {( -> ...f2)} 43. Ne4 f2 {Precision: Weiß = 33%, Schwarz = 48%.} 0-1

[Event "9th Beirut Open 2017"]
[Site "Beirut"]
[Date "2017.10.01"]
[Round "3"]
[White "Moudallal, Tarek"]
[Black "Arcadan, Adib"]
[Result "1-0"]
[WhiteElo "2062"]
[BlackElo "1346"]
[Annotator "NA"]
[PlyCount "41"]
[EventDate "2017.??.??"]
[EventCountry "LBN"]
[SourceTitle "playchess.com"]
[Source "ChessBase"]
[SourceQuality "1"]
[TimeControl "5400+30"]

1. e4 c6 2. d4 d5 3. exd5 cxd5 4. Bd3 Nf6 5. c3 e6 6. Bf4 Nc6 7. Nd2 Bd6 8. Bg3 Qe7 9. Ngf3 Bd7 10. Ne5 O-O 11. O-O Nxe5 12. dxe5 Ne8 13. f4 f5 14. Qh5 g6 15. Qh3 Ng7 16. Bh4 Qf7 17. Be2 Rac8 18. Nf3 a6 19. Bf6 h5 20. Ng5 Qe8 21. Rf3 1-0

[Event "9th Beirut Open 2017"]
[Site "Beirut"]
[Date "2017.10.01"]
[Round "3"]
[White "Shamieh, Jamal"]
[Black "Gevorgyan, Maria"]
[Result "0-1"]
[WhiteElo "2046"]
[BlackElo "2262"]
[Annotator "NA"]
[PlyCount "57"]
[EventDate "2017.??.??"]
[EventCountry "LBN"]
[SourceTitle "playchess.com"]
[Source "ChessBase"]
[SourceQuality "1"]
[TimeControl "5400+30"]

1. Nf3 Nf6 2. d4 e6 3. g3 d5 4. Bg2 Be7 5. O-O O-O 6. Bg5 h6 7. Bxf6 Bxf6 8. Nbd2 c5 9. c3 cxd4 10. Nxd4 Nc6 11. N2b3 Qb6 12. Rc1 Rd8 13. e3 a5 14. Qc2 e5 15. Ne2 Be6 16. Rcd1 Rac8 17. Nbc1 d4 18. exd4 Nxd4 19. Qe4 Bd5 20. Qe3 Bxg2 21. Kxg2 Qc6+ 22. f3 Nc2 23. Qf2 Bg5 24. Rxd8+ Rxd8 25. Nf4 exf4 26. Qxc2 fxg3 27. Kxg3 Rd2 28. Qf5 Qc4 29. a3 0-1